Opravy základních stavebních fondů.

Skúmanie otázok, prečo došlo k nedostatočnej obnove a tým k znehodnocovaniu staršieho bytového fondu a občianskych budov. Príčiny vyplývajúce z plánovacieho mechanizmu zameraného hlavne na zvyšovanie produktivity práce. Charakteristika rozvoja stavebných opráv. Údaje o zanedbanosti bytového fondu a...

Description complète

Enregistré dans:
Détails bibliographiques
Auteur principal: Máša, M.
Format: Chapitre de livre
Langue:tchèque
Sujets:
Tags: Ajouter un tag
Pas de tags, Soyez le premier à ajouter un tag!

MARC

LEADER 00000naa a2200000 4500
001 r004348
005 20221125080648.5
041 0 |a cze 
044 |a [CS] 
245 1 0 |a Opravy základních stavebních fondů.  |c M. Máša 
520 |a Skúmanie otázok, prečo došlo k nedostatočnej obnove a tým k znehodnocovaniu staršieho bytového fondu a občianskych budov. Príčiny vyplývajúce z plánovacieho mechanizmu zameraného hlavne na zvyšovanie produktivity práce. Charakteristika rozvoja stavebných opráv. Údaje o zanedbanosti bytového fondu a o predpokladaných potrebách stavebných prác na opravách a údržbe tohoto fondu. 
610 2 0 |a fond bytový 
610 2 0 |a opravy 
610 2 0 |a práca stavebná 
610 2 0 |a údržba 
610 2 0 |a ČSFR 
610 2 0 |a stavebníctvo 
100 1 |a Máša, M.